<?xml version="1.0" encoding="UTF-8"?>
<record
    xmlns:xsi="http://www.w3.org/2001/XMLSchema-instance"
    xsi:schemaLocation="http://www.loc.gov/MARC21/slim http://www.loc.gov/standards/marcxml/schema/MARC21slim.xsd"
    xmlns="http://www.loc.gov/MARC21/slim">

  <leader>02154nam a2200301 i 4500</leader>
  <controlfield tag="003">CSPC</controlfield>
  <controlfield tag="005">20260416144059.0</controlfield>
  <controlfield tag="008">260407s2023    ii a          001 0 eng d</controlfield>
  <datafield tag="020" ind1=" " ind2=" ">
    <subfield code="a">9789374734735</subfield>
  </datafield>
  <datafield tag="040" ind1=" " ind2=" ">
    <subfield code="a">CSPC</subfield>
    <subfield code="b">eng</subfield>
    <subfield code="c">CSPC</subfield>
    <subfield code="e">rda</subfield>
  </datafield>
  <datafield tag="050" ind1="0" ind2="0">
    <subfield code="a">QP514.2</subfield>
    <subfield code="b">.S537 2023</subfield>
  </datafield>
  <datafield tag="082" ind1="0" ind2="0">
    <subfield code="a">612.015</subfield>
    <subfield code="b">Sh233b</subfield>
    <subfield code="2">23</subfield>
  </datafield>
  <datafield tag="100" ind1="1" ind2=" ">
    <subfield code="a">Sharma, D.C., </subfield>
    <subfield code="e">author.</subfield>
  </datafield>
  <datafield tag="245" ind1="1" ind2="0">
    <subfield code="a">Biochemistry for nurses /</subfield>
    <subfield code="c">D.C. Sharma and Manminder Riyat. </subfield>
  </datafield>
  <datafield tag="264" ind1=" " ind2="1">
    <subfield code="a">Krishan Nagar, Delhi :</subfield>
    <subfield code="b">AITBS Publishers, India,</subfield>
    <subfield code="b">Medical Publishers,</subfield>
    <subfield code="c">2023.</subfield>
  </datafield>
  <datafield tag="300" ind1=" " ind2=" ">
    <subfield code="a">xiii,398 pages : </subfield>
    <subfield code="b">illustrations ; </subfield>
    <subfield code="c">22 cm. </subfield>
  </datafield>
  <datafield tag="336" ind1=" " ind2=" ">
    <subfield code="2">rdacontent</subfield>
    <subfield code="a">text</subfield>
  </datafield>
  <datafield tag="337" ind1=" " ind2=" ">
    <subfield code="2">rdamedia</subfield>
    <subfield code="a">unmediated</subfield>
  </datafield>
  <datafield tag="338" ind1=" " ind2=" ">
    <subfield code="2">rdacarrier</subfield>
    <subfield code="a">volume</subfield>
  </datafield>
  <datafield tag="500" ind1=" " ind2=" ">
    <subfield code="a">Includes index. </subfield>
  </datafield>
  <datafield tag="505" ind1="0" ind2=" ">
    <subfield code="a">Introduction -- Chemistry -- Chemistry of cell -- Chemistry of tissues -- Chemistry of food -- Chemistry of carbohydrates -- Chemistry of lipids -- Chemistry of proteins -- Chemistry of nucleic acids -- Chemistry of enzymes -- Chemistry of blood: Hb, plasma, proteins, immunoglobulins -- Nutrition -- Vitamins -- Minerals -- Nutrition -- Metabolism -- Energy metabolism (Biological oxidation) -- Carbohydrate metabolism -- Lipid metabolism -- Protein metabolism -- Amino acid metabolism -- Nucleic acid metabolism -- Porphyrin metabolism -- Regulation of metabolism -- Hormones -- Acid base balance -- Water and electrolyte balance -- Metabolism and disease -- Diabetes mellitus -- Cancer -- Aids -- Inborn errors of metabolism -- Miscellneous -- Detoxication -- Organ function tests -- Fertilization -- Specimen collection -- Summary. </subfield>
  </datafield>
  <datafield tag="520" ind1=" " ind2=" ">
    <subfield code="a">"Now-a-days, biochemistry is a core subject, the understanding of which is essential for learning of other branches of medicine. This book is written in simple and easy language as per syllabus of nursing council of India and is profusely illustrated which makes its reading a pleasure"-- Back cover.</subfield>
  </datafield>
  <datafield tag="650" ind1=" " ind2="0">
    <subfield code="a">Biochemistry.</subfield>
  </datafield>
  <datafield tag="650" ind1=" " ind2="0">
    <subfield code="a">Clinical biochemistry.</subfield>
  </datafield>
  <datafield tag="700" ind1="1" ind2=" ">
    <subfield code="a">Riyat, Manminder, </subfield>
    <subfield code="e">author.</subfield>
  </datafield>
  <datafield tag="942" ind1=" " ind2=" ">
    <subfield code="2">ddc</subfield>
    <subfield code="c">BK</subfield>
    <subfield code="e">23</subfield>
    <subfield code="h">612.015</subfield>
    <subfield code="i">Sh233b</subfield>
    <subfield code="k">NUR</subfield>
    <subfield code="m">2023</subfield>
    <subfield code="n">0</subfield>
  </datafield>
  <datafield tag="952" ind1=" " ind2=" ">
    <subfield code="0">0</subfield>
    <subfield code="1">0</subfield>
    <subfield code="2">ddc</subfield>
    <subfield code="4">0</subfield>
    <subfield code="7">0</subfield>
    <subfield code="a">CSPC</subfield>
    <subfield code="b">CSPC</subfield>
    <subfield code="c">NUR</subfield>
    <subfield code="d">2026-04-07</subfield>
    <subfield code="l">0</subfield>
    <subfield code="o">NUR 612.015 Sh233b 2023</subfield>
    <subfield code="p">031579</subfield>
    <subfield code="r">2026-04-07 14:48:24</subfield>
    <subfield code="t">1-1</subfield>
    <subfield code="w">2026-04-07</subfield>
    <subfield code="y">BK</subfield>
  </datafield>
  <datafield tag="999" ind1=" " ind2=" ">
    <subfield code="c">32237</subfield>
    <subfield code="d">32237</subfield>
  </datafield>
</record>
